| 000 | 00654nam a22001937a 4500 | ||
|---|---|---|---|
| 999 |
_c62290 _d62290 |
||
| 005 | 20240916172438.0 | ||
| 008 | 240916s2003 enk||||| |||| 00| 0 eng d | ||
| 020 | _a9780471216872x | ||
| 041 | _aeng | ||
| 080 | _a368 V-32 | ||
| 100 |
_aVaughan, Emmett J. _923235 |
||
| 245 |
_aFundamentals of Risk and Insurance / _cEmmett J. Vaughan, Therese M. Vaughan. |
||
| 250 | _a9th Edition | ||
| 264 |
_aHoboken, _bJohn Wiley, _c2003. |
||
| 300 |
_a686 p.; _bill.; _c26 cm. |
||
| 653 | _aრისკისა და დაზღვევის საფუძვლები | ||
| 700 |
_aVaughan, Therese M. _eავტორი _923236 |
||
| 942 |
_2udc _cBK |
||